<?xml version="1.0" encoding="UTF-8"?><?xml-stylesheet type="text/xsl" href="static/style.xsl"?><OAI-PMH xmlns="http://www.openarchives.org/OAI/2.0/" xmlns:xsi="http://www.w3.org/2001/XMLSchema-instance" xsi:schemaLocation="http://www.openarchives.org/OAI/2.0/ http://www.openarchives.org/OAI/2.0/OAI-PMH.xsd"><responseDate>2026-06-30T05:13:20Z</responseDate><request verb="GetRecord" identifier="oai:riubu.ubu.es:10259/11861" metadataPrefix="marc">https://riubu.ubu.es/oai/request</request><GetRecord><record><header><identifier>oai:riubu.ubu.es:10259/11861</identifier><datestamp>2026-06-19T06:08:13Z</datestamp><setSpec>com_10259_5377</setSpec><setSpec>com_10259_5086</setSpec><setSpec>com_10259_2604</setSpec><setSpec>col_10259_5378</setSpec></header><metadata><record xmlns="http://www.loc.gov/MARC21/slim" xmlns:doc="http://www.lyncode.com/xoai" xmlns:xsi="http://www.w3.org/2001/XMLSchema-instance" xmlns:dcterms="http://purl.org/dc/terms/" xsi:schemaLocation="http://www.loc.gov/MARC21/slim http://www.loc.gov/standards/marcxml/schema/MARC21slim.xsd">
<leader>00925njm 22002777a 4500</leader>
<datafield tag="042" ind1=" " ind2=" ">
<subfield code="a">dc</subfield>
</datafield>
<datafield tag="720" ind1=" " ind2=" ">
<subfield code="a">Rodríguez Iglesias, Daniel</subfield>
<subfield code="e">author</subfield>
</datafield>
<datafield tag="720" ind1=" " ind2=" ">
<subfield code="a">Pantoja Pérez, Ana</subfield>
<subfield code="e">author</subfield>
</datafield>
<datafield tag="720" ind1=" " ind2=" ">
<subfield code="a">De la Rosa, Ángel</subfield>
<subfield code="e">author</subfield>
</datafield>
<datafield tag="720" ind1=" " ind2=" ">
<subfield code="a">Latorre Carmona, Pedro</subfield>
<subfield code="e">author</subfield>
</datafield>
<datafield tag="720" ind1=" " ind2=" ">
<subfield code="a">Sala, Nohemi</subfield>
<subfield code="e">author</subfield>
</datafield>
<datafield tag="260" ind1=" " ind2=" ">
<subfield code="c">2026-02</subfield>
</datafield>
<datafield tag="520" ind1=" " ind2=" ">
<subfield code="a">Cranial fractures are widely documented in archaeological contexts, yet the application of fracture&#xd;
mechanics to differentiate traumatic events remains limited. This study analyses a dataset of 234&#xd;
human cadavers subjected to 329 experimentally controlled blunt-impact tests, examining mechanical&#xd;
variables and fracture patterns that could be relevant to archaeological interpretation. The results&#xd;
show substantial methodological variability across the analysed studies. Analysis of these studies&#xd;
indicates that impact energy is the most reliable parameter for assessing fracture severity, suggesting&#xd;
a preliminary fracture threshold of around 2000 N, and that bone thickness is a major determinant&#xd;
of cranial resistance. Clear differences in fracture morphology according to impact surface were also&#xd;
observed: focal surfaces frequently produce depressed and comminuted fractures, whereas broad&#xd;
surfaces predominantly generate linear fractures. These data provide a framework for archaeological&#xd;
analysis: bone thickness, fracture morphology, and the presence and distribution of secondary&#xd;
fractures offer indirect but informative proxies for impact energy and surface characteristics, which&#xd;
could help to distinguish violent from non-violent events. This study emphasizes the need for dynamic&#xd;
fracture-mechanics approaches and targeted experimental work to better characterise archaeological&#xd;
impacts.</subfield>
</datafield>
<datafield tag="024" ind2=" " ind1="8">
<subfield code="a">2045-2322</subfield>
</datafield>
<datafield tag="024" ind2=" " ind1="8">
<subfield code="a">https://hdl.handle.net/10259/11861</subfield>
</datafield>
<datafield tag="024" ind2=" " ind1="8">
<subfield code="a">10.1038/s41598-026-38313-0</subfield>
</datafield>
<datafield tag="024" ind2=" " ind1="8">
<subfield code="a">2045-2322</subfield>
</datafield>
<datafield ind1=" " ind2=" " tag="653">
<subfield code="a">Fracture mechanics</subfield>
</datafield>
<datafield ind1=" " ind2=" " tag="653">
<subfield code="a">Forensic anthropology</subfield>
</datafield>
<datafield ind1=" " ind2=" " tag="653">
<subfield code="a">Trauma analysis</subfield>
</datafield>
<datafield ind1=" " ind2=" " tag="653">
<subfield code="a">Interpersonal violence</subfield>
</datafield>
<datafield ind1=" " ind2=" " tag="653">
<subfield code="a">Depressed fracture</subfield>
</datafield>
<datafield ind1=" " ind2=" " tag="653">
<subfield code="a">Bone thickness</subfield>
</datafield>
<datafield tag="245" ind1="0" ind2="0">
<subfield code="a">Bioengineering approaches to dynamic impact analysis for cranial fracture interpretation in arcaheology</subfield>
</datafield>
</record></metadata></record></GetRecord></OAI-PMH>